Supreme Court reports : (Record no. 9402)

MARC details
000 -LEADER
fixed length control field 00538nam a22001457a 4500
003 - CONTROL NUMBER IDENTIFIER
control field OSt
005 - DATE AND TIME OF LATEST TRANSACTION
control field 20260414072655.0
008 - FIXED-LENGTH DATA ELEMENTS--GENERAL INFORMATION
fixed length control field 260414b |||||||| |||| 00| 0 eng d
040 ## - CATALOGING SOURCE
Original cataloging agency DWC-Main lib
Transcribing agency OC
082 ## - DEWEY DECIMAL CLASSIFICATION NUMBER
Classification number GR. 348.044 Su959
110 ## - MAIN ENTRY--CORPORATE NAME
Corporate name or jurisdiction name as entry element EDITORIAL STAFF OF THE CENTRAL LAWBOOK PUBLISHING CO., INC
245 ## - TITLE STATEMENT
Title Supreme Court reports :
Remainder of title annotated /
Statement of responsibility, etc. EDITORIAL STAFF OF THE CENTRAL LAWBOOK PUBLISHING CO., INC
260 ## - PUBLICATION, DISTRIBUTION, ETC.
Place of publication, distribution, etc. Manila, Philippines :
Name of publisher, distributor, etc. Central Lawbook Publishing Company, Inc.
942 ## - ADDED ENTRY ELEMENTS (KOHA)
Source of classification or shelving scheme Dewey Decimal Classification
Koha item type General Reference
Call number prefix GR. 348.044 Su959
Suppress in OPAC No
952 ## - LOCATION AND ITEM INFORMATION (KOHA)
--
952 ## - LOCATION AND ITEM INFORMATION (KOHA)
--
952 ## - LOCATION AND ITEM INFORMATION (KOHA)
--
952 ## - LOCATION AND ITEM INFORMATION (KOHA)
--
952 ## - LOCATION AND ITEM INFORMATION (KOHA)
--
952 ## - LOCATION AND ITEM INFORMATION (KOHA)
--
952 ## - LOCATION AND ITEM INFORMATION (KOHA)
--
952 ## - LOCATION AND ITEM INFORMATION (KOHA)
--
952 ## - LOCATION AND ITEM INFORMATION (KOHA)
--
952 ## - LOCATION AND ITEM INFORMATION (KOHA)
--
Holdings
Withdrawn status Lost status Source of classification or shelving scheme Damaged status Not for loan Home library Current library Shelving location Date acquired Source of acquisition Total Checkouts Full call number Barcode Date last seen Copy number Price effective from Koha item type Uniform Resource Identifier
    Dewey Decimal Classification     College Library College Library General Reference 03/08/2006 School Fund   GR. 348.044 Su959 CL43052 04/14/2026 c1 04/14/2026 GR
    Dewey Decimal Classification     College Library College Library General Reference 03/08/2006 School Fund   GR. 348.044 Su959 CL43053 04/14/2026 c2 04/14/2026 GR
    Dewey Decimal Classification     College Library College Library General Reference 03/08/2006 School Fund   GR. 348.044 Su959 CL43054 04/14/2026 c3 04/14/2026 GR
    Dewey Decimal Classification     College Library College Library General Reference 03/08/2006 School Fund   GR. 348.044 Su959 CL43055 04/14/2026 c4 04/14/2026 GR
    Dewey Decimal Classification     College Library College Library General Reference 03/08/2006 School Fund   GR. 348.044 Su959 CL43056 04/14/2026 c5 04/14/2026 GR
    Dewey Decimal Classification     College Library College Library General Reference 03/08/2006 School Fund   GR. 348.044 Su959 CL43057 04/14/2026 c6 04/14/2026 GR
    Dewey Decimal Classification     College Library College Library General Reference 03/08/2006 School Fund   GR. 348.044 Su959 CL43058 04/14/2026 c7 04/14/2026 GR
    Dewey Decimal Classification     College Library College Library General Reference 03/08/2006 School Fund   GR. 348.044 Su959 CL43059 04/14/2026 c8 04/14/2026 GR
    Dewey Decimal Classification     College Library College Library General Reference 03/08/2006 School Fund   GR. 348.044 Su959 CL43060 04/14/2026 c9 04/14/2026 GR
    Dewey Decimal Classification     College Library College Library General Reference 03/08/2006 School Fund   GR. 348.044 Su959 CL43061 04/14/2026 c10 04/14/2026 GR